• 首页
  • 本馆介绍
  • 公告通知
  • 最新文献
  • 馆藏检索
  • 电子资源
  • 读者导购
  • 参考咨询
  • 我的图书馆
  • 登录
  • 详细信息显示
  • 放入我的书架
  • 预约/预借图书
  • 作者相关作品
  • 分类相关作品
  • 丛书相关作品
  • 出版社相关作品

书目信息

  • 表格格式
  • 工作单格式
  • 卡片格式
题名:
森林资源资产抵押贷款价值评估研究
    
 
作者: 李珍 著
分册:  
出版信息: 北京   人民日报出版社  2018
页数: 220页
开本: 24cm
丛书名:
单 册:
中图分类: F832.43
科图分类:
主题词: 森林资源--抵押贷款--资产评估--研究--中国
电子资源:
ISBN: 978-7-5115-5344-7
000 01138nam0 2200241 450
001 012001004461
005 20140928162349.0
010    @a978-7-5115-5344-7@b精装@dCNY68.00
100    @a20180714d2018 em y0chiy50 ea
101 0  @achi
102    @aCN@b110000
105    @ay z 000yy
106    @ar
200 1  @a森林资源资产抵押贷款价值评估研究@9sen lin zi yuan zi chan di ya dai kuan jia zhi ping gu yan jiu@f李珍著
210    @a北京@c人民日报出版社@d2018
215    @a220页@d24cm
300    @a人民日报学术文库 河北农业大学农林经济管理博士论著 2016年河北省社会科学基金项目
330    @a本书以森林资源资产评估理论和抵押目的价值评估理论为基础,对森林资源资产价值形成和价值特征进行了分析,提出了目前森林资源资产抵押贷款价值评估在评估理论和技术方法上存在的问题,并对目前评估理论上存在的模糊认识进行了梳理和分析,提出了不同于传统市场价值的“抵押价值”类型。此外,围绕价值类型的特征,提出了市场法、收益法和成本法的计算思路,并以实际案例进行了验证。
606 0  @a森林资源@x抵押贷款@x资产评估@x研究@y中国
690    @aF832.43@v5
701  0 @a李珍@9li zhen@4著
801  0 @aCN@b上海新华@c20180901
905    @b1166265-9@dF832.43@e187@f5
    
    森林资源资产抵押贷款价值评估研究/李珍著.-北京:人民日报出版社,2018
    220页;24cm
    人民日报学术文库 河北农业大学农林经济管理博士论著 2016年河北省社会科学基金项目
    
    ISBN 978-7-5115-5344-7(精装):CNY68.00
    本书以森林资源资产评估理论和抵押目的价值评估理论为基础,对森林资源资产价值形成和价值特征进行了分析,提出了目前森林资源资产抵押贷款价值评估在评估理论和技术方法上存在的问题,并对目前评估理论上存在的模糊认识进行了梳理和分析,提出了不同于传统市场价值的“抵押价值”类型。此外,围绕价值类型的特征,提出了市场法、收益法和成本法的计算思路,并以实际案例进行了验证。
●
相关链接 在E读中查询图书 在五车中查询图书 在当当中查询图书 在豆瓣中查询图书


正题名:森林资源资产抵押贷款价值评估研究     索取号:F832.43/187         预约/预借

序号 登录号 条形码 馆藏地/架位号 状态 备注
1 1166265   211662654   第一样本阅览室/ [索取号:F832.43/187] 在馆    
2 1166266   211662663   第一借阅区/ [索取号:F832.43/187] 在馆    
3 1166267   211662672   第一借阅区/ [索取号:F832.43/187] 在馆    
4 1166268   211662681   第一借阅区/ [索取号:F832.43/187] 在馆    
5 1166269   211662690   经管系资料室/ [索取号:F832.43/187] 在馆    
唐山师范学院图书馆 欢迎您!
大连网信软件有限公司© 版权所有